Представление документа в формате MARC21

Поле Инд. ПП Название Значение
Тип записи a
Библиографический уровень m
001 Контрольный номер 94bca747-11c1-495d-aabe-373c3604660b
005 Дата корректировки 20140226190052.7
008 Кодируемые данные 020214
020 a ISBN 5-7320-0092-5
c Цена, тираж 0-50
040 a Служба первич. каталог. НБ ТвГУ
041 a Код языка текста rus
080 a Индекс УДК 796
084 a Индекс другой классификации/Индекс ББК Ч511.10
090 x Авторский знак С50
a Полочн. индекс Ч511.1
100 1_ a Автор Смирнов Валентин Александрович
245 00 a Заглавие Физическая тренировка для здоровья
c Ответственность Смирнов В.А., Поляков И. В.
260 0_ a Место издания Л.
b Издательство Знание
c Дата издания 1991
300 a Объем 30, (2) с.
650 a Основная рубрика Физическая культура и спорт
x Основная подрубрика Оздоровительная направленность
653 a Ключевые слова Физическая культура
a Ключевые слова Спорт
a Ключевые слова Оздоровительная направленность
a Ключевые слова Физическая тренировка
a Ключевые слова Физическое воспитание
a Ключевые слова Здоровый образ жизни
700 1_ a Другие авторы Поляков В. И.
e Роль лиц авт.
852 t Порядковый номер экземпляра 1
p Инвентарный номер 624835
852 t Порядковый номер экземпляра 1
p Инвентарный номер 624834
954 a Дата поступления на обработку 20020304
999 a Подразделение 2 Фил2
a Подразделение 2 *